Voluntary scrapie flocks scheme (Record no. 117170)
[ view plain ]
| 000 -LEADER | |
|---|---|
| fixed length control field | 01239cam a2200229 4500 |
| 001 - CONTROL NUMBER | |
| control field | WB4014-19 |
| 008 - FIXED-LENGTH DATA ELEMENTS--GENERAL INFORMATION | |
| fixed length control field | 040406n2004 000 0 eng u |
| 035 ## - SYSTEM CONTROL NUMBER | |
| System control number | (Sirsi) u125754 |
| 245 ## - TITLE STATEMENT | |
| Title | Voluntary scrapie flocks scheme |
| 260 ## - PUBLICATION, DISTRIBUTION, ETC. | |
| Date of publication, distribution, etc. | 2004 |
| 490 ## - SERIES STATEMENT | |
| Series statement | Scottish Executive News Release |
| Volume/sequential designation | 5 April 2004 (3) |
| 520 ## - SUMMARY, ETC. | |
| Summary, etc. | The 'Voluntary scrapie flocks scheme' is announced by DEFRA, the Scottish Executive and the Welsh Assembly which allows sheep farmers to take action to prevent scrapie reoccurring in affected flocks. All of the sheep in the flock will be genotyped free of charge on joining the programme and the more susceptible ones will be culled and replaced with more resistant stock over a period of up to four years. For the Scottish Executive New release: http://www.scotland.gov.uk/pages/news/2004/04/SEEN 836a.aspx For the Welsh Assembly release: http://www.wales.gov.uk/servlet/PressReleaseByDate Servlet?area_code=37E752F2000942E000000A2E00000000 &document_code=N0000000000000000000000000019634 |
| 590 ## - LOCAL NOTE (RLIN) | |
| Local note | WB |
| 590 ## - LOCAL NOTE (RLIN) | |
| Local note | WB |
| 650 ## - SUBJECT ADDED ENTRY--TOPICAL TERM | |
| Topical term or geographic name entry element | SHEEP FARMERS |
| 650 ## - SUBJECT ADDED ENTRY--TOPICAL TERM | |
| Topical term or geographic name entry element | SCRAPIE |
| 650 ## - SUBJECT ADDED ENTRY--TOPICAL TERM | |
| Topical term or geographic name entry element | COMPENSATION |
| 650 ## - SUBJECT ADDED ENTRY--TOPICAL TERM | |
| Topical term or geographic name entry element | SCOTLAND |
| 650 ## - SUBJECT ADDED ENTRY--TOPICAL TERM | |
| Topical term or geographic name entry element | WALES |
| 690 ## - LOCAL SUBJECT ADDED ENTRY--TOPICAL TERM (OCLC, RLIN) | |
| Topical term or geographic name as entry element | RURAL-AGRICULTURE AND FORESTRY |
| 942 ## - ADDED ENTRY ELEMENTS (KOHA) | |
| Suppress in OPAC | 0 |
| Withdrawn status | Lost status | Source of classification or shelving scheme | Damaged status | Not for loan | Home library | Current library | Shelving location | Date acquired | Total Checkouts | Full call number | Barcode | Date last seen | Copy number | Price effective from | Koha item type |
|---|---|---|---|---|---|---|---|---|---|---|---|---|---|---|---|
| Dewey Decimal Classification | London | London | News article | 06/04/2004 | WB4014-19 | 125754-1001 | 06/08/2019 | 1 | 06/08/2019 | News article |